[Event "GER-chT WK U18 4th"]
[Site "Kiel"]
[Date "2008.05.31"]
[Round "1.2"]
[White "Klingebiel, Felix"]
[Black "Duessler, Stefanie"]
[Result "0-1"]
[WhiteElo "985"]
[BlackElo "1426"]
[PlyCount "68"]
[EventDate "2008.05.31"]
[EventType "team-swiss"]
[EventRounds "7"]
[EventCountry "GER"]
[SourceTitle "EXT 2010"]
[Source "ChessBase"]
[SourceDate "2010.11.25"]
[SourceVersion "1"]
[SourceVersionDate "2010.11.25"]
[SourceQuality "1"]

1. d4 Nf6 2. Nf3 e6 3. Bf4 c5 4. c3 Nc6 5. e3 a6 6. Nbd2 d5 7. a4 Be7 8. Be2 0-0 9. 0-0 Bd7 10. b3 Nh5 11. Qc2 Nxf4 12. exf4 Rc8 13. Rfe1 cxd4 14. cxd4 Nxd4 15. Qd1 Bf6 16. Nxd4 Bxd4 17. Rc1 Qb6 18. Rf1 Qd6 19. Rxc8 Rxc8 20. Nf3 Bb6 21. g3 f6 22. Re1 Qc5 23. Rf1 Qb4 24. Nd2 Ba5 25. Nb1 Bc6 26. Bd3 b5 27. Bc2 bxa4 28. bxa4 Bd7 29. Nd2 Qxd2 30. Qxd2 Bxd2 31. Bd3 a5 32. Rd1 Bb4 33. Ra1 Bb5 34. Bxb5 Rc3 0-1